| 000 | 00573nam a2200229Ia 4500 | ||
|---|---|---|---|
| 003 | OSt | ||
| 005 | 20221005123734.0 | ||
| 006 | a|||||r|||| 00| 0 | ||
| 007 | ta | ||
| 008 | 221004b |||||||| |||| 00| 0 tam d | ||
| 024 | _a52171 | ||
| 037 | _cTextual | ||
| 040 |
_aCRL _cCRL _btam |
||
| 041 |
_2tam _atam |
||
| 082 | _aV2:51xM69w, 31H7 | ||
| 100 |
_aRadhakrishnan Co. _9634156 |
||
| 245 | 0 | _aMahathma Gandhi | |
| 260 | _c1947 | ||
| 650 | _aHISTORY | ||
| 942 |
_hV2:51xM69w, 31H7 _cTEXL _2cc |
||
| 999 |
_c1048335 _d1048335 |
||